• 首页
  • 本馆介绍
  • 公告通知
  • 最新文献
  • 馆藏检索
  • 电子资源
  • 读者导购
  • 参考咨询
  • 我的图书馆
  • 登录
  • 详细信息显示
  • 放入我的书架
  • 预约/预借图书
  • 作者相关作品
  • 分类相关作品
  • 丛书相关作品
  • 出版社相关作品

书目信息

  • 表格格式
  • 工作单格式
  • 卡片格式
题名:
图解电动自行车/三轮车维修从入门到精通
    
 
作者: 刘遂俊 主编 ;河南洛阳绿盟电动车学校 组编
分册:  
出版信息: 北京   机械工业出版社  2018
页数: 199页
开本: 26cm
丛书名: 电工电子名家畅销书系
单 册:
中图分类: U484.07-64 , U483.07-64
科图分类:
主题词: 电动自行车--Dian Dong Zi Xing Che--维修--图解 , 机动三轮车--Ji Dong San Lun Che--维修--图解
电子资源:
ISBN: 978-7-111-59989-0
000 01383nam 2200349 450
001 012001002998
005 20191204104604.93
010    @a978-7-111-59989-0@dCNY45.00
099    @aCAL 012019119530
100    @a20190925d2018 em y0chiy50 ea
101 0  @achi
102    @aCN@b110000
105    @aak a 000yy
106    @ar
200 1  @a图解电动自行车/三轮车维修从入门到精通@ATu Jie Dian Dong Zi Xing Che / San Lun Che Wei Xiu Cong Ru Men Dao Jing Tong@f刘遂俊主编@g洛阳市绿盟电动车维修培训学校组编
205    @a第2版
210    @a北京@c机械工业出版社@d2018
215    @a199页@c图@d26cm
225 2  @a电工电子名家畅销书系@ADian Gong Dian Zi Ming Jia Chang Xiao Shu Xi
304    @a洛阳市绿盟电动车维修培训学校组编
320    @a有书目
330    @a本书介绍了电动自行车的结构原理和各种故障的检修方法、维修流程和维修技巧,重点介绍了电气四大件与其他附属电子部件的常见故障及维修技巧。
410  0 @12001 @a电工电子名家畅销书系
517 1  @a电动自行车/三轮车维修从入门到精通
606 0  @a电动自行车@ADian Dong Zi Xing Che@x维修@j图解
606 0  @a机动三轮车@AJi Dong San Lun Che@x维修@j图解
690    @aU484.07-64@v5
690    @aU483.07-64@v5
701  0 @a刘遂俊@ALiu Sui Jun@4主编
712 02 @a河南洛阳绿盟电动车学校@Ahe nan luo yang lv meng dian dong che xue xiao@4组编
801  0 @aCN@b北京卓展@c20191020
905    @b1210032-5@dU484.07-64@e890=2@f4
    
    图解电动自行车/三轮车维修从入门到精通/刘遂俊主编/洛阳市绿盟电动车维修培训学校组编.-第2版.-北京:机械工业出版社,2018
    199页:图;26cm.-(电工电子名家畅销书系)
    
    
    ISBN 978-7-111-59989-0:CNY45.00
    本书介绍了电动自行车的结构原理和各种故障的检修方法、维修流程和维修技巧,重点介绍了电气四大件与其他附属电子部件的常见故障及维修技巧。
●
相关链接 在E读中查询图书 在五车中查询图书 在当当中查询图书 在豆瓣中查询图书


正题名:图解电动自行车/三轮车维修从入门到精通     索取号:U484.07-64/890=2         预约/预借

序号 登录号 条形码 馆藏地/架位号 状态 备注
1 1210032   212100322   第二样本阅览室/ [索取号:U484.07-64/890=2] 在馆    
2 1210033   212100331   第三借阅区/ [索取号:U484.07-64/890=2] 在馆    
3 1210034   212100340   第三借阅区/ [索取号:U484.07-64/890=2] 在馆    
4 1210035   212100359   第三借阅区/ [索取号:U484.07-64/890=2] 在馆    
唐山师范学院图书馆 欢迎您!
大连网信软件有限公司© 版权所有